| 000 | 00754 a2200229 4500 | ||
|---|---|---|---|
| 020 | _a0-201-70297-5 | ||
| 040 |
_aLibrary of Congress _bEnglish |
||
| 082 |
_a005.133 _a005.73 |
||
| 082 | _a005.133 | ||
| 082 | _a005.73 | ||
| 100 | 1 | _aMain, Michael | |
| 245 | 0 | 0 |
_aData structures & other objects using C++ _cMichael Main, Walter Savitch |
| 250 | _a2. ed. | ||
| 260 |
_aBoston : _bAddison Wesley, _ccop. 2001 |
||
| 300 |
_axxxi, 783 s. : _bill. ; _c23 cm |
||
| 650 | 7 | _aData structures (Computer science) | |
| 650 | 7 | _aObject-oriented programming (Computer science) | |
| 650 | 7 | _aC++ (Computer programming languages) | |
| 700 | 1 |
_aSavitch, Walter J., _d1943- |
|
| 740 | 0 | _aData structures and other objects using C++ | |
| 942 |
_cBK _k005.73 MAI _2ddc |
||
| 999 |
_c6482 _d6482 |
||